| 000 | 00493cam a22002054a 4500 | ||
|---|---|---|---|
| 005 | 20250605164324.0 | ||
| 008 | 250528s ||||||||||||||||||||||||d | ||
| 035 | _a22981 | ||
| 020 | _a9780136328605 | ||
| 040 |
_aGR-AtMCL _bgre _dGR-AtMCL _eAACR2 |
||
| 245 | 1 | _aSTRATEGIC MARKETING PROBLEMS | |
| 250 | _a8 | ||
| 260 |
_bGlorybook, _c1998 |
||
| 300 | _a723 | ||
| 700 | 1 |
_aKerin Roger A _91968 |
|
| 700 | 1 |
_aPeterson Robert A _91969 |
|
| 942 | _cBK | ||
| 999 |
_c8023 _d8023 |
||